000 007150000a22002290004500
003 LK-CoMWRAF
005 20231112004247.0
008 230817t1996 ||||| |||| 00| 0 eng d
020 _a9690102168
040 _aLK-CoMWRAF
_dLK-CoMWRAF
_eLK-CoMWRAF
041 _aeng
082 _a340.59
_bKHA
100 _aKhan, Suhrab Aslam
245 _aIslamic Legal System for an Ascendant Social Order:
_bMethodology of Reorganization
260 _aKarachi:
_bFerozsons,
_c1996
300 _axvii, 236 p. ; 22 cm.
_bBibliography and index included
650 _aISLAMIC LAW-Social aspects
650 _aIslamic law--Methodology.
650 _aIslamic law--History
650 _a Islamic law--Philosophy
942 _cBK
999 _c1035
_d1035